HUMAN ANATOMY REGIONAL AND APPLIED VOL III (Record no. 266032)

MARC details
000 -LEADER
fixed length control field 00356pam a2200145a 44500
008 - FIXED-LENGTH DATA ELEMENTS--GENERAL INFORMATION
fixed length control field 230405s xxu||||| |||| 00| 0 eng d
041 ## - LANGUAGE CODE
Language code of text/sound track or separate title ENG
100 ## - MAIN ENTRY--PERSONAL NAME
Personal name CHURASIA B D
245 ## - TITLE STATEMENT
Title HUMAN ANATOMY REGIONAL AND APPLIED VOL III
250 ## - EDITION STATEMENT
Edition statement 3 2002
260 ## - PUBLICATION, DISTRIBUTION, ETC.
Place of publication, distribution, etc. NEW DELHI
Name of publisher, distributor, etc. CBS PUBLISHERS DELHI
Date of publication, distribution, etc.
300 ## - PHYSICAL DESCRIPTION
Extent 332
650 ## - SUBJECT ADDED ENTRY--TOPICAL TERM
Topical term or geographic name entry element PHARMACOLOGY
906 ## - LOCAL DATA ELEMENT F, LDF (RLIN)
a 593
Holdings
Withdrawn status Lost status Damaged status Not for loan Collection Home library Current library Date acquired Source of acquisition Cost, normal purchase price Total Checkouts Full call number Barcode Date due Date last seen Date last checked out Price effective from Koha item type
          College of Pharmacy, Kolhapur College of Pharmacy, Kolhapur 14/04/2023 PRAGATI BOOK PVT LTD 175.00 1 611 PCK-2168 18/03/2024 18/03/2024 18/03/2024 14/04/2023 Book
          College of Pharmacy, Kolhapur College of Pharmacy, Kolhapur 11/07/2001 PRAGATI BOOK PVT LTD 175.00   611 PCK-1462   14/04/2023   14/04/2023 Book
          College of Pharmacy, Kolhapur College of Pharmacy, Kolhapur 11/07/2001 PRAGATI BOOK PVT LTD 175.00   611 PCK-1461   14/04/2023   14/04/2023 Book
          College of Pharmacy, Kolhapur College of Pharmacy, Kolhapur 11/07/2001 PRAGATI BOOK PVT LTD 175.00   611 PCK-1460   14/04/2023   14/04/2023 Book
          College of Pharmacy, Kolhapur College of Pharmacy, Kolhapur 11/07/2001 PRAGATI BOOK PVT LTD 175.00 1 611 PCK-1459   12/06/2024 16/02/2024 14/04/2023 Book